000 00675nam a2200205Ia 4500
005 20241216011359.0
008 190429s9999||||xx |||||||||||||| ||und||
082 _a371.264
_bL17
100 _aLAGRAVERI PUENTE ZENAIDA
245 0 _aHABITOS DE ESTUDIO Y SU INFLUENCIA EN EL RENDIMIENTO ACADEMICO EN LOS ALUMNOS DEL COLEGIO AGROPECUARIO ROGELIO MENDOZA HUACHON
250 _a0
260 _aCERRO DE PASCO-PERU
_bUNDAC
_c2004
300 _a79 pag.
_c30 cm.
341 _h0
490 _v0
_a0
505 _aPLANTEAMIENTO/PROBLEMA/ASPECTOS/MARCO TEORICO/INVESTIGACION
541 _aD
_bZENAYDA LAGRAVERI PUENTE
_d08-Mar-05
_oSoles
650 _aEducación
942 _cTESIS
999 _c40285
_d40285